00457nam a22001697a 450000500170000001000150001702000260003203500140005803700090007208200090008110000170009024500510010725000060015826000340016427000700019830000190026820260529153539.0 aENG-148671 a9789347590771c175.00 aEN-132203 bDBAD aN21 aWilde, Oscar aThe Importance of Being Earnest/ cOscar Wilde a1 aChandigarhbThe Browserc2026 bChandigarhaSCO 14-15, Sector 8-Ce160009mservice@thebrowser.org a88p.c20cm(pb)